000 00591nam a22001937a 4500
005 20251108172728.0
008 250721s1990 xx 000 0 ara d
082 1 4 _a306.2/بير
100 1 _aبيري، لويس
_eمؤلف
245 1 0 _aتاريخ الحياة الثقافية في أميركا /
264 1 _aعمان :
_bمركز الكتب الأردني،
_c1990.
300 _a250ص.
650 1 7 _aالثقافة
650 1 7 _aالتاريخ الاميركي
650 1 7 _aالفلسفة
700 1 _aالعناني، أحمد
_etran.
942 _2ddc
_cBK
999 _c87026
_d87026